UBT Library

Margaritare fjalesh (Record no. 55093)

000 -LEADER
fixed length control field 00308nam a22001457a 4500
008 - FIXED-LENGTH DATA ELEMENTS--GENERAL INFORMATION
fixed length control field 210125b ||||| |||| 00| 0 eng d
020 ## - INTERNATIONAL STANDARD BOOK NUMBER
International Standard Book Number 9789951273053
041 ## - LANGUAGE CODE
Language code of text/sound track or separate title eng
080 ## - UNIVERSAL DECIMAL CLASSIFICATION NUMBER
Edition identifier 71
Universal Decimal Classification number 71
082 ## - DEWEY DECIMAL CLASSIFICATION NUMBER
Edition number 71
100 ## - Rafti
Rafti 0
101 ## - Shkurtesa
Shkurtesa GJL
245 ## - TITLE STATEMENT
Title Margaritare fjalesh
Statement of responsibility, etc Mezini,M
942 ## - ADDED ENTRY ELEMENTS (KOHA)
Source of classification or shelving scheme
Item type Books

No items available.

UBT Library © 2015-2024. All rights reserved University Education for Business and Technology